| 000 | 00000nam##2200000za#4500 |
| 001 | 9.694934 |
| 003 | CaOODSP |
| 005 | 20210624234338 |
| 007 | cr ||||||||||| |
| 008 | 150407|2008||||xxc|||||o f|0| 0 eng|d |
| 040 | |aCaOODSP|beng |
| 043 | |an-cn--- |
| 086 | 1 |aR63-370/2008E-PDF |
| 110 | 2 |aParks Canada. |
| 245 | 10|aState of the park report - Pacific Rim National Park Reserve of Canada |h[electronic resource] |
| 260 | |bParks Canada |cc2008. |
| 300 | |a70p.|bcoloured maps, figs. (some coloured), graphs, references, tables, photographs |
| 500 | |aThe catalogue number (R63-370/2008E) and ISBN (978-0-662-48932-0) for the print edition have been incorrectly copied in this electronic publication. |
| 590 | |a11-17-Supp|b2011-09-12 |
| 690 | 07|aNational parks|2gcpds |
| 775 | 08|tRapport sur l'état du parc : réserve de parc national du Canada Pacific Rim |w(CaOODSP)9.639098 |
| 856 | 40|ahttp://publications.gc.ca|qPDF|s2.49 MB|uhttps://publications.gc.ca/collections/collection_2011/pc/R63-370-2008-eng.pdf |